000 00504nam a2200181Ia 4500
008 230718s9999 xx 000 0 und d
020 _a9789385401367
041 _aeng
082 _a620.112
_bRAJ
100 _aRajput R.K.
_9137180
245 _aStrength Of Materials
_bMechanics Of Solids In SI Units
250 _a6th ed.
260 _c2015
_bS. Chand
300 _a1450
365 _cRs.
_b940.00
700 _aRajput R.K.
_9137180
906 _dO:0529313-Sep-2016B:326401-Sep-2016
_cMECH
_b2105.6
999 _c343140
_d343140